Poziom zycia ludnosci Polski w porównaniu z krajami Europejskiej Wspólnoty Gospodarczej.

Terminologické a metodické otázky. Autori používajú pri analýze životnej úrovne 9 čiastkových ukazovateľov, ktoré reprezentujú najdôležitejšie prvky životnej úrovne. Rozdiely syntetického meradla životnej úrovne obyvateľov krajín EHS a Poľska. Tendencie premien životnej úrovne obyvateľov EHS a Poľsk...

ver descrição completa

Na minha lista:
Detalhes bibliográficos
Autor principal: Bywalec, C.
Outros Autores: Wydymus, S.
Formato: Capítulo de Livro
Idioma:polonês
Assuntos:
Tags: Adicionar Tag
Sem tags, seja o primeiro a adicionar uma tag!

MARC

LEADER 00000naa a2200000 4500
001 r012957
005 20221130111449.4
041 0 |a pol 
044 |a PL 
245 1 0 |a Poziom zycia ludnosci Polski w porównaniu z krajami Europejskiej Wspólnoty Gospodarczej.  |c C. Bywalec, S. Wydymus 
520 |a Terminologické a metodické otázky. Autori používajú pri analýze životnej úrovne 9 čiastkových ukazovateľov, ktoré reprezentujú najdôležitejšie prvky životnej úrovne. Rozdiely syntetického meradla životnej úrovne obyvateľov krajín EHS a Poľska. Tendencie premien životnej úrovne obyvateľov EHS a Poľska. Autori dochádzajú k záveru, že čím je vyššia úroveň rozvoja, o to väčšia je jeho stabilita. 
610 2 0 |a úroveň životná 
610 2 0 |a ukazovatele štatistické 
610 2 0 |a porovnanie štatistické medzinárodné 
610 2 0 |a PR 
610 2 0 |a západná Európa 
610 2 0 |a metodika 
610 2 0 |a terminológia 
610 2 0 |a 1970-1989 
610 2 0 |a údaje štatistické 
100 1 |a Bywalec, C. 
700 1 |a Wydymus, S.